| 000 | 00928nam a22002057a 4500 | ||
|---|---|---|---|
| 999 |
_c6622 _d6622 |
||
| 003 | AR-CdUCM | ||
| 008 | 190318b ||||| |||| 00| 0 spa d | ||
| 040 |
_aMUNICIPALIDAD PROVINCIAL DEL CUSCO _cBIBLIOTECA MUNICIPAL DEL CUSCO |
||
| 082 |
_a604 / _bG92 |
||
| 100 |
_aGuillien, Roberth _918628 |
||
| 245 | _aLa Televisión a Color | ||
| 260 |
_aEspaña : _bOikos - tau , _c1968. |
||
| 300 |
_a126 páginas ; _c17.7 cm. |
||
| 505 | _aContenido : Transmision de la imagen de television en blanco y negro -- Bases colorimetricas de la television en color -- Los tubos tricolores -- La proyeccion sobre pantalla grande -- Limitaciones de los procedimientos actuales -- Analogias entre los procedimientos NTSC, PAL y SECAM -- El sistema NTSC -- El sistema PAL -- El sistema SECAM... | ||
| 650 |
_aLa Television _918629 |
||
| 650 |
_aTransmisiones _918630 |
||
| 650 |
_aRadrifrecuencia _918631 |
||
| 942 |
_2ddc _cLIBROS |
||
| 945 | _artm | ||